| 000 -LEADER |
| fixed length control field |
00699nam a22002297a 4500 |
| 001 - CONTROL NUMBER |
| control field |
22043 |
| 003 - CONTROL NUMBER IDENTIFIER |
| control field |
BD-DhUAP |
| 005 - DATE AND TIME OF LATEST TRANSACTION |
| control field |
20240309115349.0 |
| 008 - FIXED-LENGTH DATA ELEMENTS--GENERAL INFORMATION |
| fixed length control field |
240309b ii a|||| |||| 001 0 eng d |
| 020 ## - INTERNATIONAL STANDARD BOOK NUMBER |
| International Standard Book Number |
9780521189224 |
| 040 ## - CATALOGING SOURCE |
| Original cataloging agency |
BD-DhUAP |
| Language of cataloging |
eng |
| Transcribing agency |
BD-DhUAP |
| Modifying agency |
BD-DhUAP |
| 082 ## - DEWEY DECIMAL CLASSIFICATION NUMBER |
| Edition number |
23 |
| Classification number |
428.00 JAM |
| 100 ## - MAIN ENTRY--PERSONAL NAME |
| Personal name |
James, Peter |
| 245 ## - TITLE STATEMENT |
| Title |
Teachers in Action: |
| Remainder of title |
Tasks for In-Service Language Teacher Education and Development / |
| Statement of responsibility, etc. |
Peter James. |
| 260 ## - PUBLICATION, DISTRIBUTION, ETC. |
| Place of publication, distribution, etc. |
United Kingdom; |
| Name of publisher, distributor, etc. |
Cambridge University Press, |
| Date of publication, distribution, etc. |
2001. |
| 300 ## - PHYSICAL DESCRIPTION |
| Extent |
312 Pages; |
| Dimensions |
23 cm. |
| 500 ## - GENERAL NOTE |
| General note |
Include Index. |
| 650 ## - SUBJECT ADDED ENTRY--TOPICAL TERM |
| Topical term or geographic name entry element |
ELT: teaching theory & methods |
| 700 ## - ADDED ENTRY--PERSONAL NAME |
| Personal name |
Tony Wright |
| 700 ## - ADDED ENTRY--PERSONAL NAME |
| Personal name |
Williams, Marion |
| 942 ## - ADDED ENTRY ELEMENTS (KOHA) |
| Source of classification or shelving scheme |
|
| Koha item type |
Book |